Documentos secretos sobre España: documentos secretos del Ministerio de Asuntos Exteriores de Alemania sobre la Guerra Civil Española
Gespeichert in:
| Format: | Buch |
|---|---|
| Sprache: | Spanisch |
| Veröffentlicht: |
Madrid, España
Jucar
1978
|
| Schriftenreihe: | Crónica General de España,
20 |
| Schlagworte: | |
| Tags: |
Tag hinzufügen
Keine Tags, Fügen Sie den ersten Tag hinzu!
|
MARC
| LEADER | 00000nam a2200000 a 4500 | ||
|---|---|---|---|
| 001 | UCX5561 | ||
| 003 | CL-VaPUC | ||
| 005 | 20200421181907.0 | ||
| 008 | 921126e19780000SP |||||||||||||||||spa|d | ||
| 999 | |c 225777 |d 225775 | ||
| 040 | |c Pontificia Universidad Católica de Valparaíso | ||
| 082 | 0 | 4 | |a 946.081 DOC 1978 |2 21 |
| 245 | 1 | 0 | |a Documentos secretos sobre España: |b documentos secretos del Ministerio de Asuntos Exteriores de Alemania sobre la Guerra Civil Española |
| 260 | |a Madrid, España |b Jucar |c 1978 | ||
| 300 | |a 152 páginas | ||
| 490 | 0 | |a Crónica General de España, |v 20 | |
| 583 | |a last modification |c 19921126 00:00:00 |k Rodrigo Vera | ||
| 650 | 7 | |a HISTORIA DE ESPAÑA |2 CL-VaPUC |9 321854 |x GUERRA CIVIL |y 1936-1939 | |
| 852 | |a BIBCUR | ||
| 942 | |c BK |2 ddc | ||
| 945 | |d 19921126 00:00:00 | ||
| 952 | |0 0 |1 0 |2 ddc |4 0 |6 946_081000000000000_DOC_1978 |7 0 |8 A |9 223591 |a BIBHIS |b BIBHIS |d 2019-11-15 |i 2924269 |o 946.081 DOC 1978 |p 2924269 |r 2025-01-20 |t 1 |w 2019-11-15 |y BK |k HIS | ||
| 952 | |0 0 |1 0 |2 ddc |4 0 |6 946_081000000000000_DOC_1978 |7 0 |8 A |9 223592 |a BIBHIS |b BIBHIS |d 2019-11-15 |i 1383116 |o 946.081 DOC 1978 |p 1383116 |r 2025-01-20 |t 2 |w 2019-11-15 |y BK |k HIS | ||